LEADER 01299nam a2200289 i 4500 001 000000244325 003 CaOOAMICUS 005 20210204133007.0 008 150803s1995 it u000 u ita u 013 $a223230 020 $a978-88-7610-516-6 040 $aSeMil$bita 100 1 $aStevan, Sergio,$c.$0(OLS)http://semarc/name/40322 245 10$aVerso Damasco :$bitinerario vocazionale per i giovani /$cSergio Stevan ; Centro Diocesano Vocazioni Milano. 260 $aMilano :$bEditrice Àncora,$ccopyr 1995. 300 $a96 p. ;$c19 cm. 490 0 $aPerché abbiate la vita ;$v7. 650 4$aGiovani - Vocazione.$0(OLS)http://semarc/subject/27326 700 1 $aArcidiocesi di Milano : Centro Diocesano Vocazioni.$0(OLS)http://semarc/name/29903 830 0$aPerché abbiate la vita ;$v7.$0(OLS)http://semarc/title/11048 850 $aSeMil 852 $aSeMil$W1$xVenegono$y1$m3F II 603$j194671$B194671$CSeMilBibl$Z2$F205285 $81 961 $aOmaggio: Martinelli don Romano 996 $6020$a978-88-7610-516-6$9(OLS)http://semarc/number/252503 996 $6245$aVerso Damasco :$bitinerario vocazionale per i giovani$9(OLS)http://semarc/title/346335 996 $6260$aMilano :$bEditrice Àncora$9(OLS)http://semarc/publisher/53150 LEADER 00959nam a2200241 i 4500 001 000000059802 003 CaOOAMICUS 005 20140407000000.0 008 140407s1947 it u000 u ita u 013 $a30974 040 $aSeMil$bita 100 1 $aBaronchelli, Manfredo.$0(OLS)http://semarc/name/30452 245 10$aEcumenismo Cattolico :$bcommento all'Ottava per l'Unità /$cDon Manfredo Baronchelli. 250 $a2. Edizione ampliata e rifusa. 260 $aBergamo :$bS.E.S.A.,$c1947. 300 $a226 p. ;$c20 cm. 490 0 $aHodierna ;$v2 650 4$aEcumenismo.$0(OLS)http://semarc/subject/3071 830 0$aHodierna ;$v2.$0(OLS)http://semarc/title/40327 850 $aSeMil 852 $aSeMil$W1$xVenegono$y1$m2K I 186$j25955$B25955$CSeMilBibl$Z2$F25958 $81 996 $6245$aEcumenismo Cattolico :$bcommento all'Ottava per l'Unità$9(OLS)http://semarc/title/93504 996 $6260$aBergamo :$bS.E.S.A.$9(OLS)http://semarc/publisher/34983